000 00767caa a22002417a 4500
999 _c421467
_d421467
001 132891
003 UA-OsUOA
005 20200104232019.0
007 ta
008 20180914b un ||||| |||| 00| 0 ukr d
040 _aUA-OsUOA
_brus
_cUA-OsUOA
_dUA-OsUOA
041 _arus
080 _a908
090 _a908
_bМ36
100 _aМацюк О.
245 _aК истории Острожской бумажной мельницы
_cО. Мацюк
300 _aС. 144–147
650 7 _a908 Краєзнавство
_2UDC
773 0 _0374904
_9397436
_dМ. Наука 1985
_o72281
_tФедоровские чтения 1981
_w(UA-OsUOA) 87933
942 _cBKA
_2udc
955 _a1